000 01095cam a2200301 i 4500
001 2720124
003 ARRUPE
005 20160509092707.0
008 770331s1978 enka b 001 0 eng
010 _a 77005487
020 _a0521216443 (v. 1)
040 _aDLC
_cDLC
_dDLC
050 0 0 _aQ175.3
_b.L192
082 0 0 _a501
100 1 _aLakatos, Imre.
_915098
245 1 0 _aThe methodology of scientific research programmes
_cImre Lakatos ; edited by John Worrall and Gregory Currie.
260 _aCambridge ;
_aNew York :
_bCambridge University Press,
_c1978.
300 _a2 v. :
_bill. ;
_c24 cm.
440 _aPhilosophical Papers
_nVol.1
_924374
504 _aIncludes bibliographies and indexes.
505 0 _av. 1. The methodology of scientific research programmes.--v. 2. Mathematics, science, and epistemology.
650 0 _aScience
_xPhilosophy.
_915565
650 0 _aMathematics
_xPhilosophy
_915566
700 _aWorrall, John
_915561
_eed.
700 _aCurrie, Gregory (ed.)
_915562
_eed.
906 _a7
_bcbc
_corignew
_d1
_eocip
_f19
_gy-gencatlg
942 _2lcc
_cMONOGRAPH
999 _c122035
_d122035